[Event "NED-ch U13"]
[Site "Rijswijk"]
[Date "2011.06.04"]
[Round "8"]
[White "Brandwijk, Harm"]
[Black "Bolleman, Danilo"]
[Result "1-0"]
[WhiteElo "1000"]
[BlackElo "1252"]
[PlyCount "45"]
[EventDate "2011.06.02"]
[EventType "swiss"]
[EventRounds "9"]
[EventCountry "NED"]
[SourceTitle "EXT 2012"]
[Source "ChessBase"]
[SourceDate "2011.11.24"]
[SourceVersion "1"]
[SourceVersionDate "2011.11.24"]
[SourceQuality "1"]

1. e4 c5 2. Nf3 Nc6 3. Bc4 Nf6 4. Nc3 e6 5. d3 a6 6. Bg5 Be7 7. 0-0 b5 8. Bb3 Na5 9. Qe2 Nxb3 10. axb3 h6 11. Bf4 0-0 12. d4 cxd4 13. Nxd4 b4 14. e5 bxc3 15. exf6 Bxf6 16. bxc3 a5 17. b4 Re8 18. Qf3 d5 19. Nc6 Qb6 20. Nxa5 g5 21. Be3 Qd6 22. Qxf6 Kh7 23. Qxf7+ 1-0

[Event "NED-ch U13"]
[Site "Rijswijk"]
[Date "2011.06.02"]
[Round "1"]
[White "Brandwijk, Harm"]
[Black "Yang, Wang"]
[Result "0-1"]
[WhiteElo "1000"]
[BlackElo "1450"]
[PlyCount "100"]
[EventDate "2011.06.02"]
[EventType "swiss"]
[EventRounds "9"]
[EventCountry "NED"]
[SourceTitle "EXT 2012"]
[Source "ChessBase"]
[SourceDate "2011.11.24"]
[SourceVersion "1"]
[SourceVersionDate "2011.11.24"]
[SourceQuality "1"]

1. e4 c5 2. Nf3 Nc6 3. Nc3 e6 4. Bc4 Nf6 5. d3 d5 6. Bb5 Bd7 7. Bg5 d4 8. Ne2 Qa5+ 9. Qd2 Qxb5 10. c4 Qb4 11. 0-0 Qxd2 12. Nxd2 Be7 13. Nb3 b6 14. Rfe1 Ng4 15. Bxe7 Kxe7 16. h3 Nge5 17. f4 Nxd3 18. Reb1 Ncb4 19. a4 Nc2 20. Ra2 Ndb4 21. Rba1 Nxa2 22. Rxa2 f5 23. Nd2 fxe4 24. Nxe4 Bc6 25. N4g3 Ne3 26. a5 Bxg2 27. Kf2 Bxh3 28. axb6 axb6 29. Rxa8 Rxa8 30. Kf3 Bg4+ 31. Ke4 Bxe2 32. Nxe2 Nxc4 33. b4 Nd6+ 34. Ke5 Ra3 35. bxc5 Re3+ 36. Kxd4 Nf5+ 37. Kc4 Rxe2 38. cxb6 Rb2 39. Kc5 Rxb6 40. Kxb6 h5 41. Kc5 h4 42. Kc4 h3 43. Kc3 h2 44. Kc4 h1Q 45. Kc3 Qe4 46. Kb3 Qd4 47. Kc2 Ne3+ 48. Kc1 Qc3+ 49. Kb1 Nd1 50. Ka2 Qb2# 0-1